000 00304nam a22001337a 4500
008 170619b xxu||||| |||| 00| 0 eng d
020 _a9780312437367
041 _aeng
080 _26 ED
_a94
100 _a20
101 _aSHP
245 _aDERTINE THE ARAB CONFLICT
_cSMITH.CH.D
942 _2udc
_cBK
999 _c18016
_d18016